LIBRARY ONLINE CATALOGUE

Sauti ya dhiki / (Record no. 12214)

MARC details
000 -LEADER
fixed length control field 00528cam a22001932 4500
001 - CONTROL NUMBER
control field 0000023904
005 - DATE AND TIME OF LATEST TRANSACTION
control field 20151217155235.0
008 - FIXED-LENGTH DATA ELEMENTS--GENERAL INFORMATION
fixed length control field 130415s xx 000 0 eng d
020 ## - INTERNATIONAL STANDARD BOOK NUMBER
International Standard Book Number 0195738193 :
040 ## - CATALOGING SOURCE
Original cataloging agency KABU
Transcribing agency KABU
100 1# - MAIN ENTRY--PERSONAL NAME
Personal name Abdalla, Abdilatif.
-- 0000183677
245 10 - TITLE STATEMENT
Title Sauti ya dhiki /
Statement of responsibility, etc. Abdilatif Abdalla.
250 ## - EDITION STATEMENT
Edition statement 1st ed.
260 ## - PUBLICATION, DISTRIBUTION, ETC. (IMPRINT)
Place of publication, distribution, etc. Nairobi :
Name of publisher, distributor, etc. O. U. P.,
Date of publication, distribution, etc. 2012.
300 ## - PHYSICAL DESCRIPTION
Extent xii, 131 p.
852 1# - LOCATION
-- p320 KES
908 ## - PUT COMMAND PARAMETER (RLIN)
Put command parameter 130415
950 ## - LOCAL HOLDINGS (RLIN)
-- 1
Holdings
Withdrawn status Lost status Source of classification or shelving scheme Not for loan Home library Current library Date acquired Total Checkouts Total Renewals Full call number Barcode Date last seen Date last checked out Price effective from Koha item type
    Library of Congress Classification   Kabarak, Main Campus Kabarak, Main Campus 17/12/2015 6 1 PL8704 .A2S2 2012 c. 2 014997 14/03/2024 14/03/2024 17/12/2015 General Collection
    Library of Congress Classification   Kabarak, Main Campus Kabarak, Main Campus 17/12/2015 6 3 PL8704 .A2S2 2012 c. 1 014996 12/11/2018 10/09/2018 17/12/2015 Africana Collection